| 000 | 00424nam a2200157 4500 | ||
|---|---|---|---|
| 001 | 117322 | ||
| 003 | ES-MaACL | ||
| 005 | 20230906190858.0 | ||
| 007 | t| | ||
| 008 | 070302s1961 sp r ||||1| spa d | ||
| 100 | 1 |
_aPearlman, Moshe. _989812 |
|
| 245 | 1 | 3 |
_aLa captura de Adolf Eichmann / _cMoshe Pearlman. |
| 260 |
_aBarcelona : _bPlaneta, _c1961. |
||
| 300 |
_a263 p. ; _c24 cm. |
||
| 852 |
_aES-MaACL _jC-20400 _bR.48343 |
||
| 999 |
_c117322 _d117322 |
||